| 000 | 01404nam a2200337 c 4500 | ||
|---|---|---|---|
| 003 | BLK | ||
| 005 | 20180420221722.0 | ||
| 008 | 180408b bul|||||r ||||||| ||bul|| | ||
| 010 | _aKNG00050084000 | ||
| 040 | _aBLK | ||
| 041 |
_aBUL _cBUL |
||
| 080 |
_aВоден спорт. Въздушен спорт _b797 _x(02.062) _z797(02.062) |
||
| 100 | 1 |
_aБаев, Лев Константинович _eпърви автор _9280719 |
|
| 700 | 1 |
_aИванов, Т. Ив. _eпрев. от рус. _9280720 |
|
| 139 |
_aБаев, Лев Константинович _bБ 13 |
||
| 245 | 1 | 0 |
_aВертолет _cЛев Константинович Баев; прев. от рус. Т. Ив. Иванов. |
| 257 | _aSUN | ||
| 260 |
_аСофия _bДърж. изд. за физкулт. и спортно-техн. лит. _c1956 _fСофия : 9 септември |
||
| 300 |
_a53 с. _bс ил. _c20 см |
||
| 380 | _a79 | ||
| 490 | 1 |
_aБиблиотека Популярни технически знания _vN 3 |
|
| 650 | 4 |
_aВертолети - пилотиране - автоматизация _9280721 |
|
| 650 | 4 |
_aВертолети - история _9268618 |
|
| 653 | _aвертолети | ||
| 653 | _aнаучно-популярни книги | ||
| 852 | _aЦб 3815 | ||
| 856 | 4 |
_qpdf _u |
|
| 856 | 4 |
_qpdf _u |
|
| 942 |
_cKNG _n0 |
||
| 944 |
_aCR _c26.02.2016 _kМилена_Ачева |
||
| 944 |
_aED _c26.02.2016 _kМилена_Ачева |
||
| 999 |
_c46279 _d46279 |
||